Romeo và Juliet = Romeo and Juliet : Song ngữ Anh - Việt

Gorde:
Xehetasun bibliografikoak
Egile nagusia: Shakespeare
Formatua: Liburua
Hizkuntza:Undetermined
Argitaratua: Đà Nẵng Nhà xuất bản Đà Nẵng 2002
Gaiak:
Etiketak: Etiketa erantsi
Etiketarik gabe, Izan zaitez lehena erregistro honi etiketa jartzen!
Thư viện lưu trữ: Trung tâm Học liệu Trường Đại học Cần Thơ
LEADER 00605nam a2200217Ia 4500
001 CTU_92280
008 210402s9999 xx 000 0 und d
020 |c 6000 
082 |a 822.33 
082 |b S527 
100 |a Shakespeare 
245 0 |a Romeo và Juliet = 
245 0 |b Romeo and Juliet : Song ngữ Anh - Việt 
245 0 |c Shakespeare 
260 |a Đà Nẵng 
260 |b Nhà xuất bản Đà Nẵng 
260 |c 2002 
650 |a English drama ( vietnamese ) 
650 |y 17th century 
904 |i Trúc 
980 |a Trung tâm Học liệu Trường Đại học Cần Thơ